Migrácia pracovných síl a jej ekonomické súvislosti bakalárska práca

Guardado en:
Detalles Bibliográficos
Autor principal: Bartko, Ján
Autor Corporativo: Národohospodárska fakulta EU. Katedra sociálneho rozvoja a práce
Otros Autores: Rievajová, Eva
Formato: Libro
Lenguaje:eslovaco
Publicado: Bratislava 2009
Etiquetas: Agregar Etiqueta
Sin Etiquetas, Sea el primero en etiquetar este registro!

MARC

LEADER 00000nam$a2200000$$$4500
001 0100833
005 20240318140512.1
041 0 |a slo 
044 |a SK 
245 1 0 |a Migrácia pracovných síl a jej ekonomické súvislosti  |b bakalárska práca  |c Ján Bartko ; škol. Eva Rievajová 
264 1 |a Bratislava  |c 2009 
300 |a 49 s. 
100 1 |a Bartko, Ján 
700 1 |a Rievajová, Eva 
710 2 |a Národohospodárska fakulta EU. Katedra sociálneho rozvoja a práce